000 00348nam a2200133Ia 4500
005 20260326100032.0
008 260326s9999||||xx |||||||||||||| ||und||
100 _aHegel, Georg Wilhelm Friedrich
245 0 _aDe lo Bello y sus Formas /
_cGeorg Wilhelm Friedrich Hegel
260 _bEspasa-Calpe
300 _a216 p.
650 _aARTE
942 _cBK
999 _c6656
_d6656